Fractional-order Systems and Control : (Record no. 33197)

000 -LEADER
fixed length control field 01046cam a22003017i 4500
001 - CONTROL NUMBER
control field 18850421
003 - CONTROL NUMBER IDENTIFIER
control field OSt
005 - DATE AND TIME OF LATEST TRANSACTION
control field 20211119111347.0
008 - FIXED-LENGTH DATA ELEMENTS--GENERAL INFORMATION
fixed length control field 151109s2010 enka b 001 0 eng
010 ## - LIBRARY OF CONGRESS CONTROL NUMBER
LC control number 2010934759
020 ## - INTERNATIONAL STANDARD BOOK NUMBER
International Standard Book Number 9781849963343 (alk. paper)
038 ## - RECORD CONTENT LICENSOR
Staff Name Khadija
040 ## - CATALOGING SOURCE
Original cataloging agency DLC
Language of cataloging eng
Description conventions rda
Transcribing agency DLC
042 ## - AUTHENTICATION CODE
Authentication code pcc
050 00 - LIBRARY OF CONGRESS CALL NUMBER
Classification number MLCM 2015/42438 (T)
082 ## - DEWEY DECIMAL CLASSIFICATION NUMBER
Classification number 629.8
Author Mark FRA
100 1# - MAIN ENTRY--PERSONAL NAME
Personal name Monje, Concepción A.,
Relator term author.
9 (RLIN) 84556
245 10 - TITLE STATEMENT
Title Fractional-order Systems and Control :
Remainder of title Fundamentals and Applications /
Statement of responsibility, etc. Concepción A. Monje and 4 others.
300 ## - PHYSICAL DESCRIPTION
Extent xxvi, 414 pages :
Other physical details illustrations ;
Dimensions 24 cm.
490 0# - SERIES STATEMENT
Series statement Advances in Industrial Control,
International Standard Serial Number 1430-9491
500 ## - GENERAL NOTE
General note "Fractional-order Systems and Controls"--Cover.
504 ## - BIBLIOGRAPHY, ETC. NOTE
Bibliography, etc. note Includes bibliographical references (pages 395-408) and index.
563 ## - BINDING INFORMATION
Binding note HB
650 #0 - SUBJECT ADDED ENTRY--TOPICAL TERM
Topical term or geographic name entry element Automatic control.
9 (RLIN) 84557
906 ## - LOCAL DATA ELEMENT F, LDF (RLIN)
a 7
b cbc
c orignew
d 4
e ncip
f 20
g y-gencatlg
942 ## - ADDED ENTRY ELEMENTS (KOHA)
Source of classification or shelving scheme
Koha item type Book
Holdings
Withdrawn status Lost status Source of classification or shelving scheme Damaged status Not for loan Permanent Location Current Location Shelving location Date acquired Full call number Barcode Date last seen Price effective from Koha item type
          School of Mechanical & Manufacturing Engineering (SMME) School of Mechanical & Manufacturing Engineering (SMME) General Stacks 01/05/2016 629.8 FRA SMME-1958 03/29/2018 01/05/2016 Book
© 2023 Central Library, National University of Sciences and Technology. All Rights Reserved.